| 000 | 00729nam a22002177a 4500 | ||
|---|---|---|---|
| 005 | 20250409151725.0 | ||
| 010 | _aENG-144598 1718EN-30 B-682332-342 | ||
| 020 |
_a9789386473035 _c250.00 |
||
| 035 | _aB-682332-342 | ||
| 035 | _aEN-128130 | ||
| 037 |
_bPragati _adpl |
||
| 037 | _bDBAD | ||
| 082 | _aN | ||
| 100 |
_aAnsal, Kusum _980541 |
||
| 245 |
_aUski panchvati / _cby Kusum Ansal |
||
| 260 |
_aNew Delhi _bVitastaa Pub. _c2017 |
||
| 270 |
_a2/15, Ansari Road, Daryaganj, _bNew Delhi _e110002 |
||
| 300 |
_a185p. _c19cm(pbk) |
||
| 942 |
_2ddc _cEN _mANS _hN |
||
| 999 |
_c145316 _d145316 |
||